000 02435nam a2200277Ia 4500
003 OSt
005 20210826112249.0
008 210310s2014 sp ad gr 000 0 spa d
020 _a9788492453245
040 _aCO-JMCR
_cCO-JMCR
041 0 _aspa
082 0 4 _a658.8342 /
_bH558c
_223
100 1 _aHernán, Roberto,
_eautor
_927778
245 0 _aComportamiento del consumidor :
_bmicroeconomía intermedia /
_cRoberto Hernán, Emilio Jiménez, José María López [y otros1]
260 _aMadrid, España :
_bDelta,
_c2014.
300 _a190 páginas :
_bilustraciones y gráficas en blanco y negro ;
_c24 cm.
505 0 _aLa elección óptima. -- El problema dual. -- El efecto sobre la demanda de cambios en la renta y los precios. -- El bienestar de los consumidores. -- La compra y la venta. -- La elección intertemporal. -- La oferta de trabajo.
520 0 _aEste libro es un paso hacia delante en el conocimiento de los alumnos que tienen afianzados los elementos básicos de la teoría económica y quieren profundizar en el análisis del comportamiento de los consumidores. Los temas que se tratan van desde los problemas más sencillos de decisión y análisis de las funciones de demanda, hasta la aplicación a áreas más específicas, como pueden ser el mercado de trabajo, el comercio internacional o el ahorro e inversión. La metodología utilizada ayuda al estudiante a identificar y comprender en primer lugar los conceptos fundamentales de cada tema para aplicarlos en la resolución de problemas más básicos y, también, los más complejos. Este no es solo un libro de problemas clásicos de microeconomía. Los pro mas que aquí se plantean permiten al alumno aplicar sus conocimientos económicos a problemas reales de decisión de consumo. Así, pretendemos que los estudiantes sean capaces de aplicar sus conocimientos teóricos para analizar las decisiones de consumo que se toman en la vida real. En este sentido, los alumnos (futuros directivos de empresas) pueden comprender la aplicación de la teoría económica en la toma de decisiones dentro de la empresa, especialmente en el área de Marketing.
650 1 4 _aComportamiento del consumidor
_927780
650 2 4 _aConsumidores
_95130
650 2 4 _a Comportamiento
_939716
650 2 4 _aModelos econométricos.
_95178
700 1 _aEmilio Jiménez,
_eautor
_939717
700 1 _aMaría López, José,
_eautor
_939718
942 _2ddc
_cBK
999 _c12276
_d12276